=LDR 00000nam 2200000 4500 =001 NUTBA000000000000096 =005 20230124025506 =035 ##$$a 0010-031400000000095 =008 230124################g##########0#ind## =020 ##$$a 978-979-769-159-2 =090 ##$$b 332.1 =100 ##$$a Ascarya =245 1#$$a Akad & Produk : $b Bank syariah /$c Ascarya =250 ##$$a ed.1 =260 ##$$a Jakarta :$b Rajawali Pers,$c 2013 =300 ##$$a xxiv, 272 hlm : $b ilus ; $c 15,5 x 24 cm =850 ##$$a NBPNMAT =082 ##$$a 332.1 =084 ##$$a 332.1 ASC a =650 #4$$a Bank Syariah =990 ##$$a 21302650 =990 ##$$a 21302652 =990 ##$$a 21302649 =990 ##$$a 21302651 =990 ##$$a 21302653